1157 1246 1726 1709 1918 1922 1208 1224 1803 1413 1094 1447 1327 1166 1618 1329 1575 1010 1895 1523 1240 1958 1609 1786 1935 1625 1699 1092 1528 1649 1975 1922 1553 1851 1652 1259 1817 1341 1399 1837 1325 1362 1533 1049 1714 1207 1676 1237 1060 1676 1461 1605 1152 1704 1073 1885 1001 1422 1702 1596 1169 1103 1931 1073 1429 1705 1685 1167 1256 1387 1411 1728 1519 1948 1621 1636 1347 1636 1080 1269 1458 1398 1283 1980 1437 1869 1639 1261 1746 1378 1753 1157 1753 1378 1502 1342 1621 1103 1306 BCNSPRNW ULIB Ver.6.0+V

เปลี่ยนเป็นภาษาไทย

Change to English
 แสดงรายละเอียดบรรณานุกรม
  กลับหน้าหลัก

Brief Record : Get Marc (ISO 2709) : E-mail record : QR code < ปิดหน้าต่าง
LEADER : 00000nam 2200000uu 4500
001    13399113292
003     ULIB
008    111005s2553||||th 000 0 tha d
020    9786162040221
050  4 QA76.76^bน418ร 2553
100 0  นันทนี แขวงโสภา
245 10 รู้ลึก ใช้จริง สูตร และ ฟังก์ชัน Excel ฉบับ Advanced /^cนันทนี แขวงโสภา
250    พิมพ์ครั้งที่ 1
260    กรุงเทพฯ :^bโปรวิชั่น,^c2553
300    383 หน้า :^bภาพประกอบ ;^c22 ซม.
650  4 ไมโครซอฟต์เอ็กเซล
945    ^p199^l0^i028459
995    ทศพร
999 ^a ทศพร
รายการนี้ยังไม่มีแท็ก
คุณยังไม่ได้ล็อกอิน คุณสามารถมีกิจกรรมร่วมกับเว็บไซต์ได้ แต่ต้องล็อกอินก่อน ::
  ล็อกอิน

รายการสื่อสารสนเทศ

ลำดับที่ ประเภท เลขเรียก/บาร์โค้ด สถานที่ สถานะ
- ไม่พบข้อมูล -

รายการใกล้เคียง
    หัวเรื่อง [ไมโครซอฟต์เอ็กเซล]

BibComment


ยังไม่เคยถูกคอมเมนท์

คอมเมนท์ทรัพยากรรายการนี้
  คอมเมนท์: รู้ลึก ใช้จริง สู..


 Copyright 2026. Bcnsprnw @Library